Petits mots payants au scrabble - W - Statistiques

Statistiques générales
  • Ce quiz a été pris 151 fois
  • Le résultat moyen est 12 sur 77
Statistiques - réponses
Réponse % Correct
wu
81%
won
73%
wagon
63%
wok
54%
wap
48%
watt
48%
web
43%
éwé
40%
kiwi
38%
wax
38%
wad
37%
awalé
26%
walé
25%
daw
23%
kwa
22%
wali
21%
wrap
20%
wifi
19%
woh
19%
news
18%
wasp
18%
slow
17%
awelé
16%
kawa
16%
twin
15%
würm
15%
wiki
14%
biwa
13%
crawl
13%
iwan
13%
show
13%
swap
13%
swin
13%
whig
13%
clown
12%
dauw
11%
diwan
11%
tweet
11%
twist
11%
weber
11%
wolof
11%
flow
10%
swing
9%
waouh
9%
whip
9%
winch
9%
yawl
9%
kawi
8%
tweed
8%
tween
8%
watté
8%
wenge
8%
whist
8%
pilaw
7%
sweat
7%
wech
7%
crow
6%
dewar
6%
fatwa
6%
wimax
6%
awacs
4%
bowal
4%
crown
4%
wedge
4%
gwerz
3%
gwoka
3%
squaw
3%
twill
3%
wenze
3%
widia
3%
wiski
3%
witz
3%
gnawa
2%
schwa
2%
wharf
2%
wushu
2%
swazi
1%
Aucun quiz correspondant
Distribution des résultats
% des personnes avec chaque résultat
Percentile par nombre de réponses
Votre historique - résultats
Vous n’avez pas pris ce quiz